Todos los goleadores de la Eurocopa 2024 - Estadísticas

Estadísticas generales
  • Esta prueba ha sido intentada 136 veces
    110 desde el último reinicio
  • La puntuación promedio es 17 de 67
Estadísticas de respuestas
Goals Player Team % Correcto
1 Álvaro Morata España
81%
2 Jamal Musiala Alemania
65%
1 Kylian Mbappé Francia
65%
1 Harry Kane Inglaterra
60%
1 Jude Bellingham Inglaterra
58%
1 Luka Modrić Croacia
54%
1 Dani Carvajal España
53%
1 Arda Güler Turquía
51%
1 Florian Wirtz Alemania
51%
1 Fabián Ruiz España
50%
2 Niclas Füllkrug Alemania
49%
1 Robert Lewandowski Polonia
47%
1 Ferran Torres España
46%
1 Kai Havertz Alemania
45%
1 Kevin De Bruyne Bélgica
45%
2 Cody Gakpo Países Bajos
39%
1 Patrik Schick República Checa
38%
1 Christian Eriksen Dinamarca
35%
1 Khvicha Kvaratskhelia Georgia
33%
1 Memphis Depay Países Bajos
32%
1 Bernardo Silva Portugal
31%
1 Breel Embolo Suiza
30%
1 Bruno Fernandes Portugal
30%
3 Georges Mikautadze Georgia
30%
1 Marcel Sabitzer Austria
28%
1 Nicolae Stanciu Rumania
28%
1 Scott McTominay Escocia
26%
1 İlkay Gündoğan Alemania
24%
1 Xherdan Shaqiri Suiza
24%
1 Nicolò Barella Italia
23%
1 Barnabás Varga Hungría
22%
1 Marko Arnautović Austria
21%
1 Andrej Kramarić Croacia
20%
1 Emre Can Alemania
20%
1 Mattia Zaccagni Italia
20%
1 Tomáš Souček República Checa
18%
1 Luka Jović Serbia
17%
1 Alessandro Bastoni Italia
16%
1 Roman Yaremchuk Ucrania
16%
1 Francisco Conceição Portugal
14%
1 Dan Ndoye Suiza
13%
1 Morten Hjulmand Dinamarca
13%
1 Nedim Bajrami Albania
13%
1 Youri Tielemans Bélgica
12%
1 Denis Drăguș Rumania
11%
1 Hakan Çalhanoğlu Turquía
11%
2 Răzvan Marin Rumania
11%
2 Ivan Schranz Eslovaquia
10%
1 Wout Weghorst Países Bajos
10%
1 Christoph Baumgartner Austria
9%
1 Krzysztof Piątek Polonia
8%
1 Mykola Shaparenko Ucrania
7%
1 Ondrej Duda Eslovaquia
7%
1 Kwadwo Duah Suiza
6%
1 Cenk Tosun Turquía
5%
1 Erik Janza Eslovenia
5%
1 Kerem Aktürkoğlu Turquía
5%
1 Kevin Csoboth Hungría
5%
1 Michel Aebischer Suiza
5%
1 Qazim Laçi Albania
5%
1 Adam Buksa Polonia
4%
1 Gernot Trauner Austria
4%
1 Mert Müldür Turquía
4%
1 Klaus Gjasula Albania
3%
1 Lukáš Provod República Checa
3%
1 Žan Karničnik Eslovenia
3%
1 Romano Schmid Austria
2%
No se encontraron pruebas coincidentes
Distribución de puntuación
Porcentaje de gente con cada puntuación
Porcentaje por número respondido
Historial de tus puntuaciones
No has intentado esta prueba desde el último reinicio